01143 2200409 4500001002100000005001500021035002500036008004100061020002200102040001700124041000800141082001400149084001600163090002000179090002200199090001800221090001900239100002600258245009700284250002600381260003600407300004600443650001200489700002500501700002200526850001200548007000300560999002200563990002200585990001800607990001800625990001800643990001800661990001800679990001800697990001800715INLIS00000000003535920191126014306 a0010-041800000000539180406s2017 yoi b ind d a978-602-391-473-9 aYOPDYOGbind0 aind04223a372.4 a372.4 ENI m aDEP 372.4 ENI m aCB-D.11 2017-2182 aK 372.4 ENI m aPK 372.4 ENI m0 aEni Damayanti,d1992-1 aMahir baca :bPaud dan TK /cpenulis, Eni Damayanti; penyunting, Mahadewa; ilustrator, Wiwid aCetakan pertama: 20173 aYogyakarta :bDiva Press,c2017 a79 halaman :bilustrasi berwarna ;c27 cm 4aMembaca0 aMahadewaepenyunting0 aWiwideilustrator aYOPDYOGta aCB-D.11/2017-2182 aCB-D.11/2017-2182 a33392-PD/B.18 a33393-PD/B.18 a33394-PD/B.18 a33395-PD/B.18 a33396-PD/B.18 a33397-PD/B.18 a33398-PD/B.18